LDR 00751naa#a2200169#i#450# 001 RU\RIOR\bibl\123776 005 20260629102117.1 011 ## _a2409-6024 100 ## _a20260530b2026####ek#y0rusy0150####ca 102 ## _aRU 200 1# _aМЕТОДИКА ОЦЕНКИ УГРОЗ И ВЫЗОВОВ ЦЕЛЕВОЙ КОНЦЕПТУАЛЬНОЙ ОСНОВЕ РЕГИОНАЛЬНОЙ КАДРОВОЙ БЕЗОПАСНОСТИ _eЖурнальная статья 210 1# _aМосква _cООО "Издательский Центр РИОР" _d2026 215 ## _a18 с. 608 ## _aЖурнальная статья _2local 675 ## _aРынок труда. Занятость. 331.5 _z 700 #1 _aЩеглова _gНаталья Владимировна 856 4# _arusjm.ru _u